| 000 | 00538nam a22001697a 4500 | ||
|---|---|---|---|
| 003 | NUST | ||
| 038 | _aNusrat Nadeem | ||
| 082 | _a200 | ||
| 100 |
_aEjaz, Shariq Abdullah _9120125 |
||
| 245 |
_aFeasibility of a Marketing Agency in Islamabad / Rawalpindi/ _cShariq Abdullah Ejaz |
||
| 264 |
_aslamabad, _bNBS NUST, _c2023. |
||
| 300 |
_aill: _b53,p: _c30,cm. |
||
| 690 |
_aExecutive MBA _9120079 |
||
| 700 |
_aSupervisor: Dr. Muhammad Shariq _9120126 |
||
| 856 | _u http://10.250.8.41:8080/xmlui/handle/123456789/40652 | ||
| 942 |
_2ddc _cSC |
||
| 999 |
_c607554 _d607554 |
||